00588nam a2200193Ia 45000010006000000050017000060070003000230080041000260400025000670410008000920820018001001100045001182450109001632500014002722600051002863000027003376530013003646530017003773594120240114001837.0ta070403s1909 a g b000 u 465 u aCotton College,Assam a465 a614bB 777 Se aBritish Medical Association .c(London ) 0aSecret Remedies: What they Cost and What they Contain /cBritish Medical Association.hTextual Documents a1st ed. / aLondon :bBritish Medical Association ,c1909. a193p. :bill ;c22cm . aDiseases aG-Technology